| 000 | 00818cam a22002174a 4500 | ||
|---|---|---|---|
| 020 | _a0471463027 (alk. paper) | ||
| 020 | _a9780471463023 (alk. paper) | ||
| 082 | 0 | 0 |
_a624.15136 _bMIT _cN-02,P-14 |
| 100 | 1 |
_aMitchell, James Kenneth, _942526 |
|
| 245 | 1 | 0 |
_aFundamentals of soil behavior / _cJames K. Mitchell, Kenichi Soga. |
| 250 | _a3rd ed. | ||
| 260 |
_aHoboken, N.J. : _bJohn Wiley & Sons, _cc2005. |
||
| 300 |
_axiii, 577 p. : _bill. ; _c29 cm. |
||
| 526 |
_a0 _b0 _c0 _d624_151360000000000_MIT |
||
| 650 | 0 | _aSoil mechanics. | |
| 700 | 1 |
_aSoga, Kenʾichi. _942785 |
|
| 856 | 4 | 1 | _uhttp://www.loc.gov/catdir/toc/ecip053/2004025690.html |
| 856 | 4 | 2 | _uhttp://www.loc.gov/catdir/enhancements/fy0617/2004025690-b.html |
| 856 | 4 | 2 | _uhttp://www.loc.gov/catdir/enhancements/fy0617/2004025690-d.html |
| 942 |
_2ddc _cBK |
||
| 999 |
_c546622 _d546622 |
||